Alquimia (Record no. 185732)

MARC details
000 -LEADER
campo de control de longitud fija 01147nam a2200301 i 4500
001 - NÚMERO DE CONTROL
campo de control 185732
003 - IDENTIFICADOR DE NÚMERO DE CONTROL
campo de control SpMaBN
005 - FECHA Y HORA DE LA ÚLTIMA TRANSACCIÓN
campo de control 20230906222515.0
008 - DATOS DE LONGITUD FIJA--INFORMACIÓN GENERAL
campo de control de longitud fija 160804s2001 sp a |||| | spa d
020 ## - NÚMERO INTERNACIONAL ESTÁNDAR DEL LIBRO
Número Internacional Estándar del Libro 84-7927-559-6
080 ## - NÚMERO DE LA CLASIFICACIÓN DECIMAL UNIVERSAL
Número de la Clasificación Decimal Universal 133.5:54
100 1# - ENTRADA PRINCIPAL--NOMBRE DE PERSONA
Nombre de persona Gebelein, Helmut (
Fechas asociadas al nombre 1940-)
9 (RLIN) 160335
245 10 - MENCIÓN DEL TÍTULO
Título Alquimia
Resto del título : [orígenes, enigmas, doctrinas, símbolos, rituales y misterios del mundo alquímico] /
Mención de responsabilidad, etc. Helmut Gebelein ; traducción de Elisenda Solergibert.
260 ## - PUBLICACIÓN, DISTRIBUCIÓN, ETC.
Lugar de publicación, distribución, etc. Barcelona :
Nombre del editor, distribuidor, etc. Hermética :
-- Robinbook,
Fecha de publicación, distribución, etc. [2001]
300 ## - DESCRIPCIÓN FÍSICA
Extensión 379 p. :
Otras características físicas il. ;
Dimensiones 24 cm.
490 1# - MENCIÓN DE SERIE
Mención de serie Grandes enigmas
500 ## - NOTA GENERAL
Nota general Glosario.
500 ## - NOTA GENERAL
Nota general Cronología.
500 ## - NOTA GENERAL
Nota general Índice.
504 ## - NOTA DE BIBLIOGRAFÍA, ETC.
Nota de bibliografía, etc. Bibliografía: p. [357]-370.
505 8# - NOTA DE CONTENIDO CON FORMATO
Nota de contenido con formato Contiene: ;
Título Extracto de "El carro triunfal del antimonio", de Basilio Valentino ;
-- Descripción de la elaboración de la cerveza
650 #7 - PUNTO DE ACCESO ADICIONAL DE MATERIA--TÉRMINO DE MATERIA
Término de materia o nombre geográfico como elemento de entrada Alquimia.
9 (RLIN) 9742
740 32 - ENTRADA AGREGADA--TÍTULO RELACIONADO/ANALÍTICO NO CONTROLADO
Título relacionado o analítico no controlado El carro triunfal del antimonio.
740 02 - ENTRADA AGREGADA--TÍTULO RELACIONADO/ANALÍTICO NO CONTROLADO
Título relacionado o analítico no controlado Descripción de la elaboración de la cerveza.
830 0# - PUNTO DE ACCESO ADICIONAL DE SERIE-TÍTULO UNIFORME
Título uniforme Grandes enigmas
9 (RLIN) 183503
852 ## - LOCALIZACIÓN
Ubicación ES-MaACL
Número de control de estantería L-30514
Nota libre . - Donat. Miguel A. Velasco
Holdings
Estatus retirado Estado de pérdida Estado de daño No para préstamo Biblioteca de origen Biblioteca actual Ubicación en estantería Fecha de adquisición Fuente de adquisición Total de préstamos Signatura topográfica completa Código de barras Visto por última vez Precio de reemplazo Tipo de ítem Koha
        Biblioteca del Ateneo de Madrid Biblioteca del Ateneo de Madrid Depósito 2 04/08/2016     L-30514 1195785 23/02/2023 23/02/2023 Libro impreso